[Event "Borisoglebsk Bocharov Memorial"]
[Site "Borisoglebsk"]
[Date "2014.03.16"]
[Round "8"]
[White "Pilkin, Evgenii"]
[Black "Bobro, Igor"]
[Result "0-1"]
[WhiteElo "2026"]
[BlackElo "1869"]
[PlyCount "36"]
[EventDate "2014.03.13"]
[EventType "swiss"]
[EventRounds "9"]
[EventCountry "RUS"]
[SourceTitle "CBM 159 Extra"]
[Source "ChessBase"]
[SourceDate "2014.04.24"]
[SourceVersion "1"]
[SourceVersionDate "2014.04.24"]
[SourceQuality "1"]

1. d4 Nf6 2. c4 e6 3. Nc3 d5 4. Nf3 Be7 5. Bg5 0-0 6. e3 b6 7. cxd5 exd5 8. Be2 Bb7 9. 0-0 Nbd7 10. Rc1 c5 11. dxc5 Nxc5 12. Nd4 Nfe4 13. Bxe7 Qxe7 14. Nxd5 Bxd5 15. Nf5 Qf6 16. Qxd5 Rad8 17. Qc6 Qxf5 18. Rc4 Rc8 0-1

[Event "Borisoglebsk Bocharov Memorial"]
[Site "Borisoglebsk"]
[Date "2014.03.15"]
[Round "5"]
[White "Kochukova, Anna"]
[Black "Pilkin, Evgenii"]
[Result "1/2-1/2"]
[WhiteElo "1866"]
[BlackElo "2026"]
[PlyCount "64"]
[EventDate "2014.03.13"]
[EventType "swiss"]
[EventRounds "9"]
[EventCountry "RUS"]
[SourceTitle "CBM 159 Extra"]
[Source "ChessBase"]
[SourceDate "2014.04.24"]
[SourceVersion "1"]
[SourceVersionDate "2014.04.24"]
[SourceQuality "1"]

1. e4 e6 2. d4 d5 3. Nd2 c5 4. exd5 Qxd5 5. Ngf3 cxd4 6. Bc4 Qd6 7. 0-0 Nf6 8. Nb3 Nc6 9. Nfxd4 Nxd4 10. Qxd4 Qxd4 11. Nxd4 a6 12. Bg5 Be7 13. Rfe1 0-0 14. Nf5 Bd8 15. Nd6 b5 16. Bb3 Bc7 17. Nxc8 Raxc8 18. Bxf6 gxf6 19. Rad1 Rfd8 20. c3 Rxd1 21. Rxd1 Rd8 22. Kf1 Rxd1+ 23. Bxd1 Kf8 24. Bf3 a5 25. Bc6 b4 26. cxb4 axb4 27. a3 bxa3 28. bxa3 Ke7 29. Ke2 Kd6 30. Be8 Ke7 31. Bb5 Kd6 32. h3 f5 1/2-1/2

[Event "Borisoglebsk-ch"]
[Site "Borisoglebsk"]
[Date "2012.06.23"]
[Round "2"]
[White "Kochukova, Anna"]
[Black "Pilkin, Evgenii"]
[Result "0-1"]
[WhiteElo "2077"]
[BlackElo "2013"]
[PlyCount "74"]
[EventDate "2012.06.22"]
[EventType "swiss"]
[EventRounds "7"]
[EventCountry "RUS"]
[SourceTitle "EXT 2013"]
[Source "ChessBase"]
[SourceDate "2012.11.22"]
[SourceVersion "1"]
[SourceVersionDate "2012.11.22"]
[SourceQuality "1"]

1. e4 e6 2. d4 d5 3. exd5 exd5 4. Bd3 Bd6 5. h3 Nf6 6. Nf3 0-0 7. 0-0 Be6 8. Bg5 Nbd7 9. Re1 c6 10. Ne5 Qc7 11. f4 Ne4 12. Bh4 f6 13. Nf3 Bxf4 14. c3 g5 15. Bxe4 dxe4 16. Rxe4 Bf5 17. Rxf4 Qxf4 18. Bf2 Rae8 19. Nbd2 g4 20. Nh4 gxh3 21. Nxf5 Qxf5 22. Qf3 Qxf3 23. Nxf3 hxg2 24. Kxg2 Kf7 25. Kf1 Nb6 26. Nd2 Nd5 27. Nc4 Re6 28. Rd1 h5 29. a4 h4 30. Rd2 h3 31. Bg3 Ne3+ 32. Nxe3 Rxe3 33. Bf2 Rf3 34. Kg1 Rg8+ 35. Kh1 Rg2 36. d5 Rfxf2 37. Rxf2 Rxf2 0-1

[Event "Borisoglebsk Bocharov Memorial"]
[Site "Borisoglebsk"]
[Date "2011.04.07"]
[Round "9"]
[White "Pilkin, Evgenii"]
[Black "Titov, Sergey"]
[Result "0-1"]
[WhiteElo "2032"]
[BlackElo "1995"]
[PlyCount "60"]
[EventDate "2011.03.31"]
[EventType "swiss"]
[EventRounds "9"]
[EventCountry "RUS"]
[SourceTitle "CBM 141 Extra"]
[Source "ChessBase"]
[SourceDate "2011.05.03"]
[SourceVersion "1"]
[SourceVersionDate "2011.05.03"]
[SourceQuality "1"]

1. c4 e5 2. Nc3 Nf6 3. Nf3 Nc6 4. d3 d6 5. g3 Be7 6. Bg2 0-0 7. 0-0 h6 8. a3 Bf5 9. b4 Qd7 10. b5 Nd4 11. Re1 c6 12. a4 Bg4 13. Nxd4 exd4 14. Ne4 Nxe4 15. Bxe4 f5 16. Bg2 g5 17. f4 Bf6 18. Qb3 Rae8 19. Ra2 Re7 20. Rc2 Rfe8 21. Qa2 Re3 22. Bxe3 dxe3 23. bxc6 bxc6 24. Rb1 gxf4 25. gxf4 Qg7 26. Kh1 Kh8 27. Bxc6 Rg8 28. Bd5 Bh3 29. c5 Bg2+ 30. Kg1 Bxd5+ 0-1

[Event "Lysenko Memorial op"]
[Site "Liski"]
[Date "2010.04.24"]
[Round "1"]
[White "Pilkin, Evgenii"]
[Black "Provkin, Vladimir"]
[Result "0-1"]
[WhiteElo "2053"]
[BlackElo "2207"]
[PlyCount "112"]
[EventDate "2010.04.24"]
[EventType "swiss"]
[EventRounds "7"]
[EventCountry "RUS"]
[SourceTitle "EXT 2022"]
[Source "ChessBase"]
[SourceDate "2021.10.06"]
[SourceVersion "1"]
[SourceVersionDate "2021.10.06"]
[SourceQuality "1"]

1. c4 Nf6 2. Nc3 g6 3. Nf3 Bg7 4. e4 d6 5. d4 0-0 6. Be2 Bg4 7. Be3 Nfd7 8. Ng1 Bxe2 9. Ngxe2 e5 10. 0-0 Nc6 11. Qd2 Re8 12. Rac1 exd4 13. Nxd4 Nde5 14. Nxc6 bxc6 15. b3 Qe7 16. f3 f5 17. Bf2 Qf8 18. Be3 a6 19. exf5 gxf5 20. Rce1 Qf6 21. Ne2 Ng6 22. Nf4 Qc3 23. Nxg6 hxg6 24. Bg5 Kf7 25. Rxe8 Rxe8 26. Rd1 Qxd2 27. Rxd2 Bc3 28. Rc2 Be5 29. g4 d5 30. cxd5 cxd5 31. h4 f4 32. Kf1 Bd6 33. Re2 Rc8 34. Ke1 a5 35. Kd1 a4 36. Kc2 axb3+ 37. axb3 Ra8 38. Kb2 c5 39. h5 gxh5 40. gxh5 Rg8 41. Bh4 Rh8 42. Be1 Rxh5 43. Ba5 Rh3 44. Rf2 Rh1 45. Bb6 Ke6 46. Kc2 Kd7 47. Kd3 Rb1 48. Kc2 Ra1 49. Kd3 Ra3 50. Rb2 Kc6 51. Bd8 Be5 52. Rb1 c4+ 53. Kc2 Ra2+ 54. Kc1 c3 55. b4 Kb5 56. Be7 d4 0-1

[Event "Kostroma Volga Cup op"]
[Site "Kostroma"]
[Date "2009.07.??"]
[Round "3"]
[White "Gubajdullin, Alexey"]
[Black "Pilkin, Evgenii"]
[Result "1-0"]
[WhiteElo "2455"]
[BlackElo "2045"]
[PlyCount "35"]
[EventDate "2009.07.03"]
[EventType "swiss"]
[EventRounds "9"]
[EventCountry "RUS"]
[SourceTitle "EXT 2021"]
[Source "ChessBase"]
[SourceDate "2020.10.23"]
[SourceVersion "1"]
[SourceVersionDate "2020.10.23"]
[SourceQuality "1"]

1. e4 e6 2. d4 d5 3. Nd2 dxe4 4. Nxe4 Nd7 5. Bd3 Ngf6 6. Qe2 Be7 7. Nf3 0-0 8. Bg5 c5 9. 0-0-0 Nxe4 10. Bxe7 Qxe7 11. Qxe4 Nf6 12. Qh4 cxd4 13. Bxh7+ Kh8 14. Ng5 Bd7 15. Rd3 g6 16. Bxg6+ Kg7 17. Bxf7 Rxf7 18. Rg3 1-0

[Event "Kostroma Volga Cup op"]
[Site "Kostroma"]
[Date "2009.07.??"]
[Round "2"]
[White "Pilkin, Evgenii"]
[Black "Vrkoch, Ludmila"]
[Result "1-0"]
[WhiteElo "2045"]
[BlackElo "1713"]
[PlyCount "77"]
[EventDate "2009.07.03"]
[EventType "swiss"]
[EventRounds "9"]
[EventCountry "RUS"]
[SourceTitle "EXT 2021"]
[Source "ChessBase"]
[SourceDate "2020.10.23"]
[SourceVersion "1"]
[SourceVersionDate "2020.10.23"]
[SourceQuality "1"]

1. c4 e5 2. Nc3 Nf6 3. Nf3 Nc6 4. g3 Bc5 5. Bg2 d6 6. 0-0 Nd4 7. Nxd4 Bxd4 8. Nb5 c6 9. e3 Bb6 10. Nc3 Bf5 11. d3 Qe7 12. b4 h5 13. h4 a6 14. a4 Rc8 15. a5 Ba7 16. Qd2 e4 17. dxe4 Bxe4 18. Bb2 Bxg2 19. Kxg2 Ne4 20. Qc2 Nxc3 21. Bxc3 f6 22. Rfd1 0-0 23. Qg6 d5 24. cxd5 cxd5 25. Bd4 Bb8 26. Bc5 Bd6 27. Bxd6 Qxd6 28. Qxh5 Qxb4 29. Qxd5+ Rf7 30. Rab1 Qe7 31. Rb6 Rc5 32. Qd8+ Qxd8 33. Rxd8+ Kh7 34. Rb8 Rxa5 35. R6xb7 Rxb7 36. Rxb7 Kh6 37. g4 g6 38. Kg3 f5 39. g5+ 1-0

[Event "Borisoglebsk Bocharov Memorial 9th"]
[Site "Borisoglebsk"]
[Date "2009.03.14"]
[Round "4"]
[White "Pilkin, Evgenii"]
[Black "Vechkanov, Valery"]
[Result "1-0"]
[WhiteElo "1989"]
[BlackElo "1985"]
[PlyCount "55"]
[EventDate "2009.03.12"]
[EventType "swiss"]
[EventRounds "9"]
[EventCountry "RUS"]
[SourceTitle "EXT 2010"]
[Source "ChessBase"]
[SourceDate "2010.11.25"]
[SourceVersion "1"]
[SourceVersionDate "2010.11.25"]
[SourceQuality "1"]

1. c4 Nf6 2. Nc3 d6 3. Nf3 c5 4. d4 cxd4 5. Nxd4 a6 6. e4 g6 7. Be2 Bg7 8. 0-0 0-0 9. Be3 Nc6 10. Nc2 Be6 11. Rc1 Rc8 12. b3 Ne5 13. Nb4 Neg4 14. Bd4 Qa5 15. Nbd5 Bxd5 16. Nxd5 Nxd5 17. Bxg4 f5 18. Bxg7 Kxg7 19. exf5 gxf5 20. Bf3 Nf6 21. Bxb7 Rb8 22. Qf3 Qxa2 23. Ra1 Qd2 24. Rfe1 Rf7 25. Bxa6 Ne4 26. Bb5 Kh8 27. Qe3 Qxe3 28. Rxe3 1-0

[Event "Borisoglebsk Bocharov Memorial 9th"]
[Site "Borisoglebsk"]
[Date "2009.03.13"]
[Round "3"]
[White "Kornilov, Peter"]
[Black "Pilkin, Evgenii"]
[Result "0-1"]
[WhiteElo "2114"]
[BlackElo "1989"]
[PlyCount "90"]
[EventDate "2009.03.12"]
[EventType "swiss"]
[EventRounds "9"]
[EventCountry "RUS"]
[SourceTitle "EXT 2010"]
[Source "ChessBase"]
[SourceDate "2010.11.25"]
[SourceVersion "1"]
[SourceVersionDate "2010.11.25"]
[SourceQuality "1"]

1. Nf3 d5 2. g3 c6 3. Bg2 Nf6 4. b3 Nbd7 5. Bb2 Qc7 6. d3 e5 7. 0-0 Bd6 8. c4 d4 9. Nbd2 0-0 10. Ng5 h6 11. Nge4 Be7 12. Nxf6+ Nxf6 13. Qc2 Be6 14. a3 Rac8 15. b4 a5 16. bxa5 Qxa5 17. a4 Ra8 18. Nb3 Qc7 19. a5 Ra6 20. Ba3 Bxa3 21. Rxa3 Rfa8 22. Rb1 Nd7 23. Raa1 R8a7 24. Rf1 Qd6 25. f4 Nc5 26. f5 Bc8 27. Be4 f6 28. Rfc1 Nxb3 29. Qxb3 Qc5 30. Qd1 Rxa5 31. Rab1 R7a6 32. Qf1 Rb6 33. Rxb6 Qxb6 34. Qf3 Bd7 35. Kf2 Be8 36. g4 Qb2 37. Rg1 Ra1 38. Rxa1 Qxa1 39. h4 Qc1 40. Kg2 Kf8 41. h5 Ke7 42. Kf2 Kd6 43. Qg2 Qe3+ 44. Kf1 Kc5 45. Bf3 Kb4 0-1

[Event "Lysenko Memorial op"]
[Site "Liski"]
[Date "2008.04.05"]
[Round "1"]
[White "Korovin, Viktor"]
[Black "Pilkin, Evgenii"]
[Result "0-1"]
[WhiteElo "2082"]
[BlackElo "1954"]
[PlyCount "64"]
[EventDate "2008.04.04"]
[EventType "swiss"]
[EventRounds "9"]
[EventCountry "RUS"]
[SourceTitle "EXT 2022"]
[Source "ChessBase"]
[SourceDate "2021.10.06"]
[SourceVersion "1"]
[SourceVersionDate "2021.10.06"]
[SourceQuality "1"]

1. e4 e6 2. d4 b6 3. c4 Bb7 4. Nc3 Bb4 5. Qc2 Qh4 6. d5 f5 7. exf5 exd5 8. Nf3 Qe4+ 9. Qxe4+ dxe4 10. Nd4 Bxc3+ 11. bxc3 Nf6 12. Bf4 Na6 13. Nb5 Kd8 14. Be2 d6 15. 0-0 Nc5 16. Rad1 a6 17. Nd4 Ke7 18. g4 h6 19. Rfe1 Kf7 20. h3 Rhe8 21. Be3 Re7 22. Kh2 Nfd7 23. h4 Rh8 24. Kg3 Ne5 25. g5 hxg5 26. hxg5 Ree8 27. Rh1 Ke7 28. f4 exf3 29. Nxf3 Ne4+ 30. Kf4 Nxc3 31. f6+ gxf6 32. gxf6+ Kxf6 0-1

[Event "Borisoglebsk Bocharov Memorial 8th"]
[Site "Borisoglebsk"]
[Date "2008.02.??"]
[Round "1"]
[White "Chuprikov, Dmitry"]
[Black "Pilkin, Evgenii"]
[Result "1/2-1/2"]
[WhiteElo "2461"]
[BlackElo "1923"]
[PlyCount "25"]
[EventDate "2008.02.??"]
[EventType "swiss"]
[EventRounds "9"]
[EventCountry "RUS"]
[SourceTitle "EXT 2010"]
[Source "ChessBase"]
[SourceDate "2010.11.25"]
[SourceVersion "1"]
[SourceVersionDate "2010.11.25"]
[SourceQuality "1"]

1. d4 d5 2. c4 e6 3. Nc3 c6 4. Nf3 f5 5. Bf4 Nf6 6. e3 Be7 7. Bd3 Ne4 8. Qc2 Nd7 9. g4 Nxc3 10. bxc3 Nf6 11. gxf5 exf5 12. Bxf5 Bxf5 13. Qxf5 1/2-1/2

[Event "Borisoglebsk Bocharov Memorial 8th"]
[Site "Borisoglebsk"]
[Date "2008.02.??"]
[Round "3"]
[White "Kornilov, Peter"]
[Black "Pilkin, Evgenii"]
[Result "0-1"]
[WhiteElo "2049"]
[BlackElo "1923"]
[PlyCount "70"]
[EventDate "2008.02.??"]
[EventType "swiss"]
[EventRounds "9"]
[EventCountry "RUS"]
[SourceTitle "EXT 2010"]
[Source "ChessBase"]
[SourceDate "2010.11.25"]
[SourceVersion "1"]
[SourceVersionDate "2010.11.25"]
[SourceQuality "1"]

1. e4 e6 2. d4 d5 3. Nd2 dxe4 4. Nxe4 Nd7 5. Be3 Ngf6 6. Bd3 Nxe4 7. Bxe4 Nf6 8. Bf3 Nd5 9. Bd2 Be7 10. Ne2 0-0 11. 0-0 c6 12. c4 Nf6 13. Be3 h6 14. Qc2 Bd6 15. Rad1 Qe7 16. Rfe1 e5 17. Ng3 Bg4 18. dxe5 Bxf3 19. Rxd6 Qxe5 20. c5 Bd5 21. Bd2 Qd4 22. Nf5 Qg4 23. Ne7+ Kh8 24. Nxd5 Nxd5 25. Bxh6 Rfe8 26. Be3 Re7 27. h3 Qb4 28. Rd1 Rae8 29. Bd4 f6 30. a3 Qa5 31. Qf5 Qa4 32. Qh5+ Kg8 33. Bxf6 Nxf6 34. Rxf6 Qxd1+ 35. Qxd1 Re1+ 0-1